The OGLE-2007-BLG-349(AB)b Quiz - Statistics

General Stats
  • This quiz has been taken 159 times
  • The average score is 4 of 9
Answer Stats
Question Answer % Correct
What's the term for planets like OGLE-2007-BLG-349(AB)b that aren't in our solar system? Exoplanet
100%
Can OGLE-2007-BLG-349(AB)b be seen with the naked eye from Earth? No
83%
Which constellation is OGLE-2007-BLG-349(AB)b in? Sagittarius
67%
How many stars does OGLE-2007-BLG-349(AB)b orbit around? 2
50%
Which type of planet is OGLE-2007-BLG-349(AB)b? Gas giant
33%
Which planet in our solar system has a mass most comparable to the one of OGLE-2007-BLG-349(AB)b? Saturn
33%
What is the approximate surface temperature of OGLE-2007-BLG-349(AB)b? 5,000 °C
17%
How far away from our solar system is OGLE-2007-BLG-349(AB)b? 8,000 light years
17%
When was OGLE-2007-BLG-349(AB)b discovered? 2016
0%
No matching quizzes found
Score Distribution
Percent of People with Each Score
Percentile by Number Answered
Your Score History
You have not taken this quiz